[Event "Gdansk-chA 7th"]
[Site "Gdansk"]
[Date "2005.11.19"]
[Round "7"]
[White "Lasowski, Tomasz"]
[Black "Markowski, Damian"]
[Result "0-1"]
[WhiteElo "2000"]
[BlackElo "2289"]
[PlyCount "98"]
[EventDate "2005.11.05"]
[EventType "swiss"]
[EventRounds "9"]
[EventCountry "POL"]
[SourceTitle "EXT 2008"]
[Source "ChessBase"]
[SourceDate "2007.11.25"]
[SourceVersion "1"]
[SourceVersionDate "2007.11.25"]
[SourceQuality "1"]

1. e4 e5 2. Nf3 Nc6 3. Bb5 a6 4. Ba4 Nf6 5. 0-0 Be7 6. Re1 b5 7. Bb3 0-0 8. h3 d6 9. c3 Na5 10. Bc2 c5 11. d4 cxd4 12. cxd4 Qc7 13. Nbd2 Bd7 14. Nf1 Rfc8 15. Bd3 Nc6 16. Bg5 Nb4 17. Ne3 Nxd3 18. Qxd3 exd4 19. Nxd4 g6 20. f4 Qc5 21. Kh2 h6 22. Nb3 Qc7 23. Bh4 Re8 24. Rad1 Nh5 25. g3 Kh7 26. Bg5 Bxg5 27. fxg5 Be6 28. Rf1 Qe7 29. h4 Kg8 30. Nd2 Rac8 31. Rf2 a5 32. a3 Rc5 33. g4 Ng7 34. Rdf1 a4 35. Rf6 Qc7 36. Kg2 Re7 37. R6f2 Rd7 38. Nd5 Bxd5 39. exd5 Qb7 40. Ne4 Ne8 41. Nxc5 dxc5 42. Qe4 Nd6 43. Qd3 b4 44. h5 c4 45. Qf3 gxh5 46. gxh5 c3 47. bxc3 bxc3 48. g6 Nc4 49. Re1 Nd6 0-1

[Event "Gdansk-chA 7th"]
[Site "Gdansk"]
[Date "2005.11.13"]
[Round "6"]
[White "Bieluszewski, Piotr"]
[Black "Lasowski, Tomasz"]
[Result "1/2-1/2"]
[WhiteElo "2181"]
[BlackElo "2000"]
[PlyCount "129"]
[EventDate "2005.11.05"]
[EventType "swiss"]
[EventRounds "9"]
[EventCountry "POL"]
[SourceTitle "EXT 2008"]
[Source "ChessBase"]
[SourceDate "2007.11.25"]
[SourceVersion "1"]
[SourceVersionDate "2007.11.25"]
[SourceQuality "1"]

1. e4 c5 2. Nf3 d6 3. d4 cxd4 4. Nxd4 Nf6 5. Nc3 a6 6. Be3 Ng4 7. Bg5 h6 8. Bh4 g5 9. Bg3 Bg7 10. Be2 h5 11. h4 gxh4 12. Rxh4 Nc6 13. Nb3 Be6 14. Qd2 Qb6 15. Nd5 Bxd5 16. exd5 Nce5 17. 0-0-0 0-0-0 18. Kb1 Kb8 19. f4 Ng6 20. Rxg4 hxg4 21. Bxg4 Qc7 22. Qb4 Rc8 23. Bxc8 Rxc8 24. c3 Qc4 25. Qxc4 Rxc4 26. Re1 Rc8 27. Re4 Rh8 28. a4 Rh1+ 29. Ka2 Rg1 30. Re2 Rf1 31. c4 Bf6 32. Nd2 Rc1 33. Kb3 Nh4 34. Bxh4 Bxh4 35. Nf3 Bf6 36. Re1 Rxe1 37. Nxe1 Kc7 38. a5 b6 39. axb6+ Kxb6 40. Nd3 Bd4 41. Kc2 Ka5 42. b3 f5 43. b4+ Ka4 44. c5 dxc5 45. bxc5 Kb5 46. c6 Bb6 47. Kb3 Bc7 48. g3 a5 49. Kc3 a4 50. Kd4 a3 51. Kc3 a2 52. Kb2 Kc4 53. Nc1 Kxd5 54. Nxa2 Kxc6 55. Kc3 Ba5+ 56. Kd4 Kd6 57. Nc1 Be1 58. Ne2 Bf2+ 59. Kc4 e6 60. Kd3 e5 61. fxe5+ Kxe5 62. Kd2 Ke4 63. Nc3+ Kf3 64. Nd5 Kxg3 65. Kc2 1/2-1/2